00555nam a2200169Ia 4500008004100000100002200041245013100063260001100194300002100205440004700226521000700273650001900280650001600299650002300315650002400338650002300362140626s9999 xx 000 0 und d aSchiffrin, Anya.. aDoes training make a difference? evaluating journalism training programs in Sub-Saharan Africa /c Anya ... [et al.].Schiffrin cc2011. a66 : 4, page 340 aJournalism and Mass Communication Educator aMC aCommunication. aJournalism. aMedia development. aSub-saharan Africa. aTraining/practice.